000 00244nam a2200109Ia 4500
999 _c7897
_d7897
020 _a978-0672333057
100 _aMartin, Tomson
245 0 _aSAMS Teach Yourself ASP.NET in 24 Hours
260 _aIndia
_bBPB
_c2002
300 _a456
942 _cBK